000 00698nam a2200193 a 4500
003 0
005 20250422072512.0
008 021119s19uu xx 00 eng d
050 _aPHS TX 553.P5
_b.C48 2006
100 _aChung, Hoon Tae.
245 0 _aEffect of storage temperature on the vitamin C content of pineapple (Ananas comosus) /
_cHoon Tae Chung.
260 _aLas PiƱas City, Philippines :
_bSouthville International School and Colleges,
_c2006.
300 _a27 pages :
_billustrations ;
_c28 cm.
504 _aIncludes bibliographical references.
650 _aPineapple
_xStorage.
650 _aVitamin C
_xAnalysis.
650 _aFood
_xEffect of temperature on.
942 _2lcc
_cPASS
999 _c97588
_d97588